Guard against "gazunders" with bridging loan scheme (Record no. 15753)

MARC details
000 -LEADER
fixed length control field 00901cab a2200205 4500
001 - CONTROL NUMBER
control field ABS40401
008 - FIXED-LENGTH DATA ELEMENTS--GENERAL INFORMATION
fixed length control field 090401t1989 xxu||||| |||| 00| 0 eng d
035 ## - SYSTEM CONTROL NUMBER
System control number (Sirsi) u23561
041 ## - LANGUAGE CODE
Language code of text/sound track or separate title eng
100 ## - MAIN ENTRY--PERSONAL NAME
Personal name Abbett, J.
245 ## - TITLE STATEMENT
Title Guard against "gazunders" with bridging loan scheme
260 ## - PUBLICATION, DISTRIBUTION, ETC.
Date of publication, distribution, etc. 1989
350 ## - PRICE (NR) (BK AM CF MU VM SE) [OBSOLETE]
Price 0
490 ## - SERIES STATEMENT
Series statement Financial Adviser
Volume/sequential designation (90) 9 February 1989, 26(1)
520 ## - SUMMARY, ETC.
Summary, etc. Notes the entry of the "gazunder" to what is becoming a buyer`s market . Defines gazunder as someone who offers the asking price in a house purchase transaction and then drops it, offering substantially less leaving the vendor in the lurch. Illustrates a possible solution in the form of a bridging loan , describing the services offered by Home-Bridging, a subsidiary of the Collins Wilde Group.
650 ## - SUBJECT ADDED ENTRY--TOPICAL TERM
Topical term or geographic name entry element FINANCE
690 ## - LOCAL SUBJECT ADDED ENTRY--TOPICAL TERM (OCLC, RLIN)
Topical term or geographic name as entry element PROPERTY LAW AND PRACTICE
942 ## - ADDED ENTRY ELEMENTS (KOHA)
Suppress in OPAC 0
948 ## - LOCAL PROCESSING INFORMATION (OCLC); SERIES PART DESIGNATOR (RLIN)
c (OCLC) 04/03/1997
Holdings
Withdrawn status Lost status Source of classification or shelving scheme Damaged status Not for loan Home library Current library Shelving location Date acquired Total Checkouts Full call number Barcode Date last seen Copy number Price effective from Koha item type
    Dewey Decimal Classification     London London Journal article 14/09/1999   ABS40401 23561-1001 06/08/2019 1 06/08/2019 Journal article